| 000 | 00739nam a2200133Ia 4500 | ||
|---|---|---|---|
| 008 | 171212s9999 xx 000 0 und d | ||
| 020 | _a9780833060341 | ||
| 100 | _aHardison, Chaitra M.;Miller, Louis W.;Li, Jennifer J.;Schroeder, Amber;Burkhauser, Susan | ||
| 245 |
_cHardison, Chaitra M.;Miller, Louis W.;Li, Jennifer J.;Schroeder, Amber;Burkhauser, Susan _aSecond-Language Skills for All? _bAnalyzing a Proposed Language Requirement for U.S. Air Force Officers |
||
| 260 |
_bRAND Corporation _c2012 |
||
| 650 | _aBusiness | ||
| 650 | _aUnited States. Air Force -- Officers -- Training of; Second language acquisition -- United States; Communicative competence -- United States | ||
| 856 | _uhttp://www.jstor.org/stable/10.7249/j.ctt5hht66 | ||
| 999 |
_c352518 _d352518 |
||